000 00492nam a2200169Ia 4500
999 _c23352
_d23352
003 OSt
005 20200214101256.0
008 190216s9999||||xx |||||||||||||| ||und||
040 _coclc
082 _a297
_bISL/N
100 _a Islahi, Sadrudheen
_91862
245 0 _aNifaq Athva Kaapatyam /
_c Sadrudheen Islahi
260 _bIslamic Publishing House,
_c2012.
_aKozhikode:
300 _a95p
650 _aIslamic History
942 _cBK
_2ddc
_h297
_iISL/N
_k297
_mISL/N